000 00788nam a2200241 i 4500
001 BINCO
003 CO-MdBIC
005 20220215181417.0
008 220215t1990 -usa|||| |||| 00| 0 spa d
020 _a0590485261
040 _aCO-MdBIC
_bspa
_cCO-MdBIC
_dCO-MdBIC
041 _aspa
082 _222
_a813C
_bH418
100 _aHennessy, B.G.
245 0 _aDías de escuela
_c/ B.G. Hennessy ; Tracey Campbell Pearson ilustrador
260 1 _aNew York, Estados Unidos :
_bScholastic,
_c[1995]
264 4 _c© 1995
300 _a30 páginas ;
_bilustrado a color :
_c18 cm.
505 _aEl texto y las ilustraciones describen los rostros y objetos familiares de un día en la escuela.
650 _vVida en escuela
700 _aTracy Campbell,
_d1962-
_eilustrador
942 _cLGB
999 _c67221
_d67221